All About rickyninihsm - Statistics

General Stats
  • This quiz has been taken 5 times
  • The average score is 12 of 14
Answer Stats
Hint Answer % Correct
What is my dogs name? Cocoa
100%
What is my Starbucks order? grande iced caramel macchiato
100%
Who's my celeb crush? Joshua Bassett
100%
What is my favorite food? Pizza
100%
What is my tik tok username? poopdaddy04
100%
What is my favorite color? Purple
100%
Who is my most streamed artist? Taylor Swift
100%
What sport did I play in high school? Volleyball
100%
What is my favorite holiday? 4th of July
80%
When is my birthday? March 28
80%
What is my favorite ice cream flavor? Mint Chocolate Chip
60%
What am I allergic to? Mold
60%
Where do I want to visit? New York City
60%
What is my favorite movie? Parent Trap
60%
No matching quizzes found
Score Distribution
Percent of People with Each Score
Percentile by Number Answered
Your Score History
You have not taken this quiz